000 00354nam a2200133Ia 4500
008 240624s9999 xx 000 0 und d
041 _aeng
082 _a020 NEL
100 _aNELSON SANDRA
245 _aSTRATEGIC PLANNING FOR RESULTS
260 _c2009
_aNew Delhi
_bIndiana Publishing House
300 _axvii, : 291 : p. : cm. ; 28
365 _cRS
_b20
999 _c13174
_d13174